000
00328nam a22001457a 4500
020
_a
78-81-763-80591
082
_a
894.812
_b
LAL/B
100
_a
LAL, SOHAN
245
_a
P.BHASKARAN
260
_a
THIRUVANANTHAPURAM
_b
THE STATE INSTITUTE OF LANGUAGES
_c
2011
300
_a
40
520
_a
NOVEL
650
_a
NOVEL
942
_c
BK
999
_c
5522
_d
5522